000 00302nam a2200121 i 4500
001 bg
245 0 _aTechnologia i organizacja montażu w budownictwie ogólnym :
_bS-/3/68.
260 _aWarszawa,
_c1969.
040 _cBPK
041 _apol
942 _cKS
008 s pl f |000 0 pol
999 _c10384
_d10384
856 _uhttp://koha.tu.koszalin.pl/cgi-bin/koha/opac-detail.pl?biblionumber=10384
_yKatalog online BPK